"V-Z" Countries - World Map Sudden Death - Statistics

General Stats
  • This quiz has been taken 102 times
    75 since last reset
  • The average score is 5 of 7
Answers on the Grid
Answers color-coded by a green-red scale on the quiz's grid according to % correct below.
 
Answer Stats
Answer % Correct
Venezuela
93%
Zambia, Zimbabwe
81%
Zambia, Zimbabwe
79%
Vatican City
74%
Vanuatu
72%
Yemen
71%
69%
No matching quizzes found
Score Distribution
Percent of People with Each Score
Percentile by Number Answered
Your Score History
You have not taken this quiz since the last reset